| 000 | 00442 a2200121 4500 | ||
|---|---|---|---|
| 020 | _a0890063222 | ||
| 920 | _a0-89006-322-2 | ||
| 100 | 1 |
_aNellist, John G.. _eAutor |
|
| 700 | 1 |
_aGilbert, Elliott M.. _eAutor |
|
| 245 | 0 |
_aUnderstanding Modern Telecommunications and the Information Superhighway / _cNellist John G., Gilbert Elliott M.. |
|
| 710 | 2 |
_aArtech House. _eWydawca _4pbl |
|
| 260 |
_aBoston : _bArtech House, _c1999. |
||
| 300 |
_aXVIII, 285 s.: _bil.; _c23 cm. |
||
| 999 |
_c769 _d769 |
||